<?xml version="1.0" encoding="UTF-8"?>
<record
    xmlns:xsi="http://www.w3.org/2001/XMLSchema-instance"
    xsi:schemaLocation="http://www.loc.gov/MARC21/slim http://www.loc.gov/standards/marcxml/schema/MARC21slim.xsd"
    xmlns="http://www.loc.gov/MARC21/slim">

  <leader>01402nam a22003017a 4500</leader>
  <controlfield tag="003">DO-SdBNP</controlfield>
  <controlfield tag="005">20240903093121.0</controlfield>
  <controlfield tag="007">ta</controlfield>
  <controlfield tag="008">220207b19691971   ||||| |||| 00| 0 spa d</controlfield>
  <datafield tag="040" ind1=" " ind2=" ">
    <subfield code="a">DO-SdBNP</subfield>
    <subfield code="b">spa</subfield>
    <subfield code="c">BNPHU</subfield>
  </datafield>
  <datafield tag="082" ind1="4" ind2=" ">
    <subfield code="a">370.15</subfield>
    <subfield code="b">E92p</subfield>
    <subfield code="2">22</subfield>
  </datafield>
  <datafield tag="100" ind1="1" ind2=" ">
    <subfield code="a">Evans, E. G. S.</subfield>
    <subfield code="9">81167</subfield>
  </datafield>
  <datafield tag="240" ind1=" " ind2=" ">
    <subfield code="a">Modern educational psychology</subfield>
    <subfield code="l">Espa&#xF1;ol </subfield>
  </datafield>
  <datafield tag="245" ind1="1" ind2="0">
    <subfield code="a">Psicolog&#xED;a moderna de la educaci&#xF3;n : </subfield>
    <subfield code="b">introducci&#xF3;n hist&#xF3;rica /</subfield>
    <subfield code="c">E. G. S. Evans ; traducci&#xF3;n, Enrique Bernardez Sanchiz ; revisi&#xF3;n, Gonzalo Gonzalvo  Mainar.</subfield>
  </datafield>
  <datafield tag="260" ind1=" " ind2=" ">
    <subfield code="a">Madrid, Espa&#xF1;a :</subfield>
    <subfield code="b">Morata, S.A.,</subfield>
    <subfield code="c">1971.</subfield>
  </datafield>
  <datafield tag="300" ind1=" " ind2=" ">
    <subfield code="a">133 p. : </subfield>
    <subfield code="c">21 cm</subfield>
  </datafield>
  <datafield tag="500" ind1=" " ind2=" ">
    <subfield code="a">Versi&#xF3;n espa&#xF1;ola : Enr&#xED;quez Bernardez Sanchiz</subfield>
  </datafield>
  <datafield tag="500" ind1=" " ind2=" ">
    <subfield code="a">Incluye &#xED;ndice de autores.</subfield>
  </datafield>
  <datafield tag="504" ind1=" " ind2=" ">
    <subfield code="a">Bibliograf&#xED;a : p. 119-123.</subfield>
  </datafield>
  <datafield tag="505" ind1="0" ind2=" ">
    <subfield code="a">Derecho del ni&#xF1;o --</subfield>
    <subfield code="t">Teor&#xED;as de la personalidad --</subfield>
    <subfield code="t">Psicolog&#xED;a del aprendizaje --</subfield>
    <subfield code="t">Tests mentales y medici&#xF3;n --</subfield>
  </datafield>
  <datafield tag="534" ind1=" " ind2=" ">
    <subfield code="a">Facsimil de : </subfield>
    <subfield code="b">Psicolog&#xED;a moderna de la educaci&#xF3;n: introducci&#xF3;n hist&#xF3;rica. Desarrollo del ni&#xF1;o, Teor&#xED;as de la personalidad, Psicolog&#xED;a del aprendizaje, Tests mentales y medici&#xF3;n.</subfield>
    <subfield code="c">Ediciones Morata, </subfield>
    <subfield code="e">1920</subfield>
  </datafield>
  <datafield tag="590" ind1=" " ind2=" ">
    <subfield code="a">Inventariado, 2022 / SA</subfield>
  </datafield>
  <datafield tag="650" ind1=" " ind2="4">
    <subfield code="a">Psicopedagog&#xED;a</subfield>
    <subfield code="9">81168</subfield>
  </datafield>
  <datafield tag="700" ind1="1" ind2=" ">
    <subfield code="a">Bernardez Sanchiz, Enr&#xED;que </subfield>
    <subfield code="e">tr.</subfield>
    <subfield code="9">81169</subfield>
  </datafield>
  <datafield tag="700" ind1="1" ind2=" ">
    <subfield code="9">50374</subfield>
    <subfield code="a">Gonzalvo Mainar, Gonzalo</subfield>
    <subfield code="e">revisi&#xF3;n </subfield>
  </datafield>
  <datafield tag="910" ind1=" " ind2=" ">
    <subfield code="a">Saquino/Validado, Control de calidad MFF</subfield>
  </datafield>
  <datafield tag="942" ind1=" " ind2=" ">
    <subfield code="2">ddc</subfield>
    <subfield code="c">LBS1</subfield>
  </datafield>
  <datafield tag="952" ind1=" " ind2=" ">
    <subfield code="0">0</subfield>
    <subfield code="1">0</subfield>
    <subfield code="2">ddc</subfield>
    <subfield code="5">3</subfield>
    <subfield code="7">0</subfield>
    <subfield code="8">GR</subfield>
    <subfield code="a">BNPHU</subfield>
    <subfield code="b">BNPHU</subfield>
    <subfield code="c">HD</subfield>
    <subfield code="d">2015-07-21</subfield>
    <subfield code="e">Donado</subfield>
    <subfield code="l">0</subfield>
    <subfield code="o">BNPHU GR 370.15 E92p</subfield>
    <subfield code="p">2022-0644</subfield>
    <subfield code="r">2022-02-07</subfield>
    <subfield code="w">2022-02-07</subfield>
    <subfield code="y">LBS1</subfield>
    <subfield code="z">Perteneci&#xF3; a la biblioteca personal Barbara Suncar</subfield>
  </datafield>
  <datafield tag="999" ind1=" " ind2=" ">
    <subfield code="c">51363</subfield>
    <subfield code="d">51363</subfield>
  </datafield>
</record>
